000 00512nam a22001937a 4500
003 MPLRDC
005 20220104144005.0
008 210129b ||||| |||| 00| 0 eng d
020 _a986-7941-70-5
082 _a690.33 LRH
100 _a李若姮等
245 _a精彩广东
_c庄明颖等摄影
250 _a初版
260 _a台湾
_b墨刻出版股份有限公司
_c2003
300 _b111
490 _aMOOK自游自在杂志书. 125
650 _a中国游记--广东
942 _cBK
_o690.33 LRH
999 _c45309
_d45299